000 00549nam a2200193Ia 4500
003 GCL
008 140319s9999 xx 000 0 ara d
040 _aGCL /
_cGCL
082 0 4 _a951.042
_bر م
100 1 _aهايتى روى جريجور
245 1 0 _aمارتى تونج حياته وعصره /
_cهايتى روى جريجور
300 _a130 ص
490 _aمذاهب وشخصيات
_v0
650 0 4 _aالتراجم
650 0 4 _aالصين
650 0 4 _aمارتى تونج
650 0 4 _aالصين - تاريخ
942 _2ddc
_cBK
999 _c38179
_d38179